=LDR 00000nam 2200000 4500 =001 INLIS000000000032248 =005 20130612134250 =008 ***********************************ind** =035 ##$$0010-061300000032248 =041 ##$$a ind =082 ##$$a 510.1 =090 ##$$a 510.1, Par 2 =100 ##$$a Parker, Steve =245 ##$$a Ilmu Kedokteran, Steve Parker =260 ##$$a 2007 $b Jakarta =300 ##$$a 64hlm, ilus, 29 cm =650 ##$$a Kedokteran, Ilmu =850 ##$$a NBPNMAT =990 ##$$a 79497949 =990 ##$$a 01201807949